000 01205nam a2200301 a 4500
005 20250405063830.0
008 991125s1979 mx 000 0 spa u
020 _a9682913888
035 _aUPN01000004514
049 _aI
050 4 _aHQ774
_bL3.7
100 1 _aLa Belle, María Margarita
_940146
245 1 0 _aTu salud /
_cMa. Margarita La Belle ; il. Perla Broid.
260 _aMéxico :
_bSalvat :
_bSEP, Consejo Nacional de Fomento Educativo,
_c1979.
300 _a80 p. :
_bil. col.
440 0 _aColibrí.
_pArte, ciencia y técnica ;
_v2
440 0 _aLibros del rincón
501 _aCon: Los seis tesoros / Patrick Goldsmith ; il. Luis Hernández -- ¡Qué rico! / texto e il. Alberto Beltrán -- El país de la matemáticas / Ma. Margarita La Belle ; il. Leonor Salazar -- Más inventos / Rodrigo Quijada ; il. José Palomo
650 4 _aSALUD -
_vLITERATURA INFANTIL
_924646
740 4 _aLos seis tesoros
740 1 _a¡Qué rico!
740 3 _aEl país de la matemáticas
740 0 _aMás inventos
700 1 _aGoldsmith, Patrick,
_ecoaut.
_943074
700 1 _aBeltrán, Alberto,
_d1923-2002
_ecoaut.
_941828
700 1 _aQuijada, Rodrigo,
_ecoaut.
_943075
905 _aInfantil
999 _c4514
_d4514